Analýza finančnej pozície vybraného podniku potravinárskeho priemyslu v priestore

Na minha lista:
Detalhes bibliográficos
Autor principal: Marenčáková, Erika (Author)
Outros Autores: Bondareva, Irina (Thesis advisor)
Formato: Manuscrito Livro
Idioma:eslovaco
Publicado em: 2016
Assuntos:
Acesso em linha:http://is.stuba.sk/zp/portal_zp.pl?podrobnosti=135467
Tags: Adicionar Tag
Sem tags, seja o primeiro a adicionar uma tag!

MARC

LEADER 00000ntm a22000003a 4500
001 stuzp52590
003 SK-STU
005 20160719154223.8
007 ta
008 150427s2015----xo-----f-mn---000-0-slo-d
040 |a STU  |b slo 
041 0 |a slo 
100 1 |a Marenčáková, Erika  |u 902024  |4 aut  |U Ústav manažmentu STU  |T ÚM - Oddelenie manažmentu chemických a potravinárskych technológií  |X 61608  |U R2024  |Y 408  |7 61608 
242 0 1 |a Analysis of the financial position of the selected company of the food industry in space  |y eng 
245 1 0 |a Analýza finančnej pozície vybraného podniku potravinárskeho priemyslu v priestore 
260 |c 2016 
650 4 |a finančná analýza  |2 slo 
650 4 |a konkurencia  |2 slo 
650 4 |a marketingový mix  |2 slo 
650 4 |a SWOT analýza  |2 slo 
650 4 |a benchmarking  |2 slo 
650 4 |a benchmarking  |2 eng 
650 4 |a competittor  |2 eng 
650 4 |a marketing mix  |2 eng 
650 4 |a SWOT analysis  |2 eng 
650 4 |a financial analysis  |2 eng 
700 1 |a Bondareva, Irina  |u 902024  |k Z1  |4 ths  |U Ústav manažmentu STU  |T ÚM - Oddelenie manažmentu chemických a potravinárskych technológií  |X 52327  |U R2024  |Y 408  |7 52327 
856 4 |u http://is.stuba.sk/zp/portal_zp.pl?podrobnosti=135467 
SQL |a stuzp52590  |b DBP  |c SLO  |d Analýza finančnej pozície vybraného podniku potravinárskeho priemyslu v priestore  |e 61608  |f Marenčáková, Erika  |g 902024  |h 52327  |i Bondareva, Irina  |j 20160712  |k 1925  |l 04  |m http://is.stuba.sk/zp/portal_zp.pl?podrobnosti=135467  |n B-AIMCHP  |o 5.2.14. automatizácia, 5.2.52. priemyselné inžinierstvo